Đồ họa máy tính
Nội dung sách trình bày một số khái niệm cơ bản của đồ hoạ máy tính, các đối tượng đồ hoạ cơ sở, các thuật toán tô màu, các phép biến đổi trong đồ hoạ hai chiều, cách hiển thị các đối tượng đồ hoạ hai chiều. Giới thiệu về đồ hoa...
Bewaard in:
| Hoofdauteur: | |
|---|---|
| Formaat: | Boek |
| Taal: | Undetermined |
| Gepubliceerd in: |
Hà Nội
Giáo dục Việt Nam
2013
|
| Onderwerpen: | |
| Tags: |
Voeg label toe
Geen labels, Wees de eerste die dit record labelt!
|
| Thư viện lưu trữ: | Trung tâm Học liệu Trường Đại học Cần Thơ |
|---|
| LEADER | 01122nam a2200217Ia 4500 | ||
|---|---|---|---|
| 001 | CTU_207490 | ||
| 008 | 210402s9999 xx 000 0 und d | ||
| 020 | |c 40000 | ||
| 082 | |a 006.68 | ||
| 082 | |b Kh107 | ||
| 100 | |a Nguyễn, Quang Khánh | ||
| 245 | 0 | |a Đồ họa máy tính | |
| 245 | 0 | |c Nguyễn Quang Khánh (chủ biên), Nguyễn Tuấn Anh | |
| 260 | |a Hà Nội | ||
| 260 | |b Giáo dục Việt Nam | ||
| 260 | |c 2013 | ||
| 520 | |a Nội dung sách trình bày một số khái niệm cơ bản của đồ hoạ máy tính, các đối tượng đồ hoạ cơ sở, các thuật toán tô màu, các phép biến đổi trong đồ hoạ hai chiều, cách hiển thị các đối tượng đồ hoạ hai chiều. Giới thiệu về đồ hoạ ba chiều và các phép biến đổi của chúng. | ||
| 650 | |a Đồ hoạ máy tính,Computer graphics | ||
| 650 | |x Chương trình máy tính,Computer programs | ||
| 904 | |i Qhieu | ||
| 980 | |a Trung tâm Học liệu Trường Đại học Cần Thơ | ||